000 00303nam a22001337a 4500
008 180115b xxu||||| |||| 00| 0 eng d
020 _a9781568846200
041 _aeng
080 _23 ED
_a004
100 _a32
101 _aSHK
245 _aTHE INTERNET FOR DUMMIES
_cLEVINE.J.R
942 _2udc
_cBK
999 _c40306
_d40306